Przedsiebiorstwo w sluzbie spolecznej

Na minha lista:
Detalhes bibliográficos
Autor principal: Narski, Zygmunt
Formato: Livro
Idioma:polonês
Publicado em: Torun Wydawnictwo Adam Marszalek 1998
Assuntos:
Tags: Adicionar Tag
Sem tags, seja o primeiro a adicionar uma tag!

MARC

LEADER 00000nam a2200000 4500
001 c117667
005 20221221083338.9
020 |a 83-7174-101-4 
041 0 |a pol 
044 |a PL 
245 1 0 |a Przedsiebiorstwo w sluzbie spolecznej  |c Zygmunt Narski 
264 1 |a Torun  |b Wydawnictwo Adam Marszalek  |c 1998 
300 |a 61 s. 
500 |a Na obale ISBN 83-7174-352-1. 
610 2 0 |a podnik 
610 2 0 |a firmy 
610 2 0 |a spoločnosť 
610 2 0 |a rovnováha hospodárska 
610 2 0 |a ceny 
610 2 0 |a peniaze 
610 2 0 |a úver 
610 2 0 |a depozity bankové 
610 2 0 |a zisk 
610 2 0 |a náklady 
610 2 0 |a dôchodok národný 
610 2 0 |a investície 
610 2 0 |a dane 
610 2 0 |a hospodárenie podnikové 
610 2 0 |a veda ekonomická 
100 1 |a Narski, Zygmunt